000 00477nam a2200181Ia 4500
008 131103s9999 xx 000 0 und d
040 _aLoreto College
041 _aEnglish
082 _a891.433/PRE-MIS
_bLCLIB/28540
100 _aMisra,Ramdarash
245 _aKathakar Premchand
260 _aNew Delhi
_bNational Pub House
_c1891
300 _a210p
650 _aHindi Fiction- Premchand
700 _aGupt,Jnanchand
850 _aLCLIB/891,433/PRE-MIS
942 _cBK
999 _c19808
_d70287